00811 a2200193 4500003000500000005001700005040000900022082001200031100003700043245006600080260003200146300001200178505013800190650002900328942002100357999001900378952012100397952009900518NUST20221207173336.0 cNust a297,KHA a Khan, Maulana Wahidudin9104376 aIslam :bthe voice of human nature /cMaulana Wahiduddin Khan aKarachibDarul Ishaatc1996 a127 p.: aThe Trial Of Man (Page-5), The Concept Of Monotheism (Page-8), Islam Is The Voice Of Human Nature (Page-35), The Hereafter (Page-55). aworship in islam9104377 2ddccBKk297,KHA c193690d193690 00102ddc4070aMCSbMCScGENd2016-12-12o297,KHApMCS31340r2016-12-08w2016-12-12yBKzAlmirah No.47, Shelf No.1 00102ddc40708NFICaMCSbMCSd2016-12-12l0o297 KHApMCS31341r2016-12-08w2016-12-12yBK